000 008490000a22002530004500
090 _aAR
_b04028
245 1 0 _aNatural sound archives
_sguidance for recordists and a request for cooperation
300 _a474-486
500 _a<Curso de Bioacústica>
650 1 4 _aBioacústica
_952592
650 1 4 _aArchivos de sonido
_979735
650 1 4 _aEtología
_97606
041 0 _aInglés
700 1 _aBudney, Gregory F.
_997877
700 1 _aGrotke, Robert W.
_997878
700 1 _aVielliard, Jacques M.
_997847
700 1 _aGaunt, Sandra
_997879
700 1 _aRanft, Richard
_997880
700 1 _aVeprintseva, Olga D.
_997881
100 1 _aKroodsma, Donald E.
_99181
260 _aNew York
_bCornell University Press
_c1996
942 _cARTICULO
773 1 _tIn Kroodsma D.; Miller E. Eds./ Ecology and Evolution of Acoustic Communication in Birds
999 _c13061
_d13061